000 00462nam a22001817a 4500
003 OSt
008 250402b |||||||| |||| 00| 0 eng d
020 _a9789360538415
082 _a005.133 AFC
100 _aAFYOUNI,Hassan
245 _aStructured Programming Approach in C
250 _a4th Ed
260 _aNew Delhi
_bCengage
_c2025
300 _a883
650 _aStructured Programming Approach in C
700 _aFOROUZAN,Behrouz A
942 _2ddc
_cBK
999 _c13207
_d13207